00606nam a22002057a 450000500170000001000130001702000220003003500130005203700160006504000120008108200160009310000180010924500950012726000550022227000460027730000280032350000200035165000140037165000150038520170124105949.0 aB-031022 c00.00a8121509440 aB-031022 bCen Lib/Ret aDPLbEN a250.31bBEL aBell, Charles aPortrait of a Dalai Lama :cby Charles Bell bthe life and times of the great thirteenth / aNew Delhi bMunshiram Manoharlal Publishers c2000 bNew Delhi a54, rani jhansi road e110055 a414p. ;c21cm(Hb)bill. aIncludes index  aBuddhism  aDalai Lama